Statistiques concernant Pays visitant le Luxembourg le plus

Cliquez ici pour prendre le quiz!

Statistiques générales

  • Ce quiz a été pris 108 fois
  • Le résultat moyen est 8 sur 10

Statistiques - réponses

Visiteurspays% Correct
139,375France
100%
209,832Belgique
99%
177,981Pays-Bas
98%
151,691Allemagne
98%
23,435Suisse
97%
19,075Espagne
95%
28,852Italie
92%
69,350Royaume-Uni
89%
35,697Chine
48%
16,237Turquie
18%

Distribution des résultats

Percentile par nombre de réponses

% des personnes avec chaque résultat

Votre développement - résultats

Vous n’avez pas pris ce quiz